000 00628nam a2200217Ia 4500
001 17517
003 GE_BSU
008 181216s||||||||xx |||||||||||||| ||und||
040 _cGE_BSU
080 _a821.353.1-1
100 _aიმედაძ,ლაზარე
245 _aლექსები
245 _c[წინასიტყვ. ავტ.: ნიკოლოზ მიწიშვილი]
260 _aტფილისი
260 _bსახელგამი
260 _c1926
300 _a28გვ.;18სმ.
300 _eსურათი
653 _aლექსები
942 _cBK
999 _c50567
_d50567